000 01295cam a2200313 a 4500
999 _c127096
_d127096
001 12768520
003 ARRUPE
005 20171016121301.0
008 020508r20021983enk b 001 0 eng
010 _a 2002069784
020 _a0415280214
020 _a0415280222 (pbk.)
040 _aDLC
_cDLC
_dDLC
042 _apcc
050 0 0 _aPN212
_b.R55 2002
082 0 0 _a808.3
_221
100 1 _aRimmon-Kenan, Shlomith.
_937033
245 1 0 _aNarrative fiction :
_bcontemporary poetics /
_cShlomith Rimmon-Kenan.
250 _a2nd ed.
260 _aLondon ;
_aNew York :
_bRoutledge,
_c2002.
300 _ax, 192 p. ;
_c23 cm.
490 1 _aNew accents
504 _aIncludes bibliographical references (p. [161]-181) and index.
650 0 _aNarration (Rhetoric)
_922163
830 0 _aNew accents (Routledge (Firm))
_919391
906 _a7
_bcbc
_corignew
_d1
_eocip
_f20
_gy-gencatlg
942 _2lcc
_cMONOGRAPH